000 00420nam a2200157 i 4500
001 76669
003 ES-MaACL
005 20230906172921.0
007 t|
008 041004s1967 sp ||||1| spa d
245 0 0 _aGuía urbana de Zaragoza.
250 _a[1ª ed.].
260 _aBarcelona :
_bJosé Pamias Ruiz,
_c1967.
300 _a213 p. :
_bprincipalmente plan. ;
_c16 cm.
852 _aES-MaACL
_jC-42119
_bR.77680
999 _c76669
_d76669